000 00752cam a2200265 4500500
005 20260405002119.0
041 _afre
042 _adc
100 1 0 _aEnjalbert, Cédric
_eauthor
245 0 0 _aHamadi Redissi : “L’horreur est entrée dans le quotidien”
260 _c2015.
500 _a64
690 _aAttentat
690 _aDaech
690 _aDjihad
690 _afanatisme
690 _aHamadi Redissi
690 _aIslam
690 _aIslamisme
690 _aTerreur
690 _aTerrorisme
690 _aTunisie
786 0 _nPhilosophie magazine | 95 | 12-1 | 2015-12-01 | p. 49-50 | 1951-1787
856 4 1 _uhttps://shs.cairn.info/magazine-philosophie-magazine-2015-12-1-page-49?lang=fr&redirect-ssocas=7080
999 _c2054371
_d2054371